[Event "DSJ Weihnachtsturnier U20 2020"]
[Site "https://play.chessbase.com/en/play?room=DSJWeihnachtU20"]
[Date "2020.12.29"]
[Round "6"]
[White "Englert, Luca"]
[Black "Centgraf, Andra's"]
[Result "0-1"]
[Termination "normal"]
[Board "17.3"]
[WhiteElo "1563"]
[BlackElo "1504"]
[WhiteTeam "VfB Schach Leipzig"]
[BlackTeam "SGem Aschheim/Feldkirchen/Kirchheim"]
[PlyCount "164"]
[WhiteFideId "16293088"]
[BlackFideId "34611177"]
[EventRounds "7"]
[EventType "team-swiss"]
[EventDate "2020.12.29"]

1. e4 {[%emt 0:00:02]} c5 {[%emt 0:00:02]} 2. Nc3 { [%emt 0:00:02] .} Nc6
{[%emt 0:00:04] .} 3. f4 {[%emt 0:00:02]} d6 {[%emt 0:00:15] .} 4. Nf3 {[%emt
0:00:02]} Bg4 {[%emt 0:00:09] .} 5. Bb5 {[%emt 0:00:02]} e6 {[%emt 0:00:07]
VfBLeip1-003 reconnected.} 6. O-O {[%emt 0:00:46]} Nge7 { [%emt 0:00:16] .} 7.
d3 {[%emt 0:00:03]} g6 {[%emt 0:00:12] .} 8. Qe1 {[%emt 0:00:09]} Bg7 {[%emt
0:00:02] .} 9. Bxc6+ {[%emt 0:00:02]} Nxc6 {[%emt 0:00:02] . } 10. Bd2 {[%emt
0:00:08]} Bxf3 {[%emt 0:00:05] .} 11. gxf3 {[%emt 0:00:04]} Nd4 {[%emt 0:00:01]
.} 12. Rc1 {[%emt 0:00:06]} a6 {[%emt 0:00:27] .} 13. Ne2 { [%emt 0:00:02]}
Nxe2+ {[%emt 0:00:05]} 14. Qxe2 {[%emt 0:00:00]} Bxb2 {[%emt 0:00:03]} 15. Rb1
{[%emt 0:00:01] .} Bd4+ {[%emt 0:00:01]} 16. Be3 {[%emt 0:00:01] .} Bxe3+
{[%emt 0:00:05]} 17. Qxe3 {[%emt 0:00:00]} b5 {[%emt 0:00:03]} 18. d4 {[%emt
0:00:01] . VfBLeip1-003 reconnected. VfBLeip1-003 reconnected. VfBLeip1-003
reconnected.} d5 {[%emt 0:01:16] .} 19. f5 {[%emt 0:00:09]} dxe4 { [%emt
0:00:09]} 20. fxe4 {[%emt 0:00:00]} Qxd4 {[%emt 0:00:02]} 21. Qxd4 { [%emt
0:00:01]} cxd4 {[%emt 0:00:00] .} 22. fxe6 {[%emt 0:00:25]} fxe6 { [%emt
0:00:05] .} 23. e5 {[%emt 0:00:03]} Rd8 {[%emt 0:00:11] .} 24. Rf3 { [%emt
0:00:05]} Rf8 {[%emt 0:00:07]} 25. Rd3 {[%emt 0:00:01] .} Rf5 {[%emt 0:00:14]
.} 26. Re1 {[%emt 0:00:03]} Rd5 {[%emt 0:00:04] .} 27. c3 {[%emt 0:00:22]} dxc3
{[%emt 0:00:17]} 28. Rxc3 {[%emt 0:00:00]} Rfxe5 {[%emt 0:00:12] .} 29. Rc8+
{[%emt 0:00:06]} Kd7 {[%emt 0:00:14] .} 30. Rec1 {[%emt 0:00:05] VfBLeip1-003
offers a draw} Rg5+ {[%emt 0:01:51] .} 31. Kf1 {[%emt 0:00:08]} Rdf5+ {[%emt
0:00:06] .} 32. Ke2 {[%emt 0:00:07]} Rg2+ {[%emt 0:00:04] .} 33. Ke3 {[%emt
0:00:06]} Re5+ {[%emt 0:00:16] .} 34. Kf4 {[%emt 0:00:17]} Rf5+ { [%emt
0:00:05] .} 35. Ke3 {[%emt 0:00:02]} Rxa2 {[%emt 0:00:08] .} 36. R1c7+ { [%emt
0:00:09]} Kd6 {[%emt 0:00:03]} 37. Rc6+ {[%emt 0:00:00]} Ke5 {[%emt 0:00:22] .}
38. Re8 {[%emt 0:00:41]} Ra3+ {[%emt 0:00:26] .} 39. Ke2 {[%emt 0:00:02] } a5
{[%emt 0:00:07] .} 40. Rexe6+ {[%emt 0:00:02]} Kd5 {[%emt 0:00:30] .} 41. Rcd6+
{[%emt 0:00:14]} Kc5 {[%emt 0:00:03] .} 42. Rc6+ {[%emt 0:00:02]} Kb4 { [%emt
0:00:05] .} 43. Re4+ {[%emt 0:00:04]} Kb3 {[%emt 0:00:04] .} 44. Kd2 { [%emt
0:00:18]} Ra2+ {[%emt 0:00:04] .} 45. Kd3 {[%emt 0:00:10]} Rxh2 {[%emt 0:00:26]
.} 46. Kd4 {[%emt 0:00:09] VfBLeip1-003 offers a draw} a4 {[%emt 0:00:11] .}
47. Rc3+ {[%emt 0:00:09]} Kb2 {[%emt 0:00:04] .} 48. Rce3 {[%emt 0:00:17]} Rd2+
{[%emt 0:00:22] .} 49. Rd3 {[%emt 0:00:04]} Rxd3+ {[%emt 0:00:02]} 50. Kxd3
{[%emt 0:00:00]} a3 {[%emt 0:00:04] .} 51. Re2+ {[%emt 0:00:02]} Kb3 { [%emt
0:00:01] .} 52. Kd4 {[%emt 0:00:04]} a2 {[%emt 0:00:03]} 53. Re3+ { [%emt
0:00:01] .} Ka4 {[%emt 0:00:05] .} 54. Re1 {[%emt 0:00:02]} Rf3 {[%emt 0:00:06]
.} 55. Kc5 {[%emt 0:00:09]} b4 {[%emt 0:00:03] .} 56. Kc4 {[%emt 0:00:04]} b3
{[%emt 0:00:02] .} 57. Re7 {[%emt 0:00:17]} Ka3 {[%emt 0:00:10] .} 58. Re1
{[%emt 0:00:06]} b2 {[%emt 0:00:04] .} 59. Re6 {[%emt 0:00:03]} b1=Q { [%emt
0:00:22] .} 60. Ra6+ {[%emt 0:00:06]} Kb2 {[%emt 0:00:02]} 61. Rb6+ { [%emt
0:00:00]} Kc2 {[%emt 0:00:01] .} 62. Re6 {[%emt 0:00:02]} Qb3+ {[%emt 0:00:02]
.} 63. Kd4 {[%emt 0:00:03]} Rf4+ {[%emt 0:00:01] .} 64. Kc5 {[%emt 0:00:02]}
Qc4+ {[%emt 0:00:01] .} 65. Kd6 {[%emt 0:00:03]} Rd4+ {[%emt 0:00:02] .} 66.
Ke7 {[%emt 0:00:04]} Qxe6+ {[%emt 0:00:02]} 67. Kxe6 {[%emt 0:00:00]} a1=Q
{[%emt 0:00:01]} 68. Kf6 {[%emt 0:00:01]} Qf1+ {[%emt 0:00:03]} 69. Kg5 { [%emt
0:00:02] .} Qg1+ {[%emt 0:00:04]} 70. Kh6 {[%emt 0:00:01] .} Rh4+ { [%emt
0:00:01] .} 71. Kg7 {[%emt 0:00:03]} g5 {[%emt 0:00:01] .} 72. Kf6 { [%emt
0:00:03]} g4 {[%emt 0:00:01]} 73. Kg5 {[%emt 0:00:01] .} Rh1 {[%emt 0:00:02] .}
74. Kf6 {[%emt 0:00:02]} h5 {[%emt 0:00:01]} 75. Kg5 {[%emt 0:00:01] .} h4
{[%emt 0:00:01]} 76. Kh5 {[%emt 0:00:01] .} h3 {[%emt 0:00:02]} 77. Kh4 { [%emt
0:00:00]} g3 {[%emt 0:00:01]} 78. Kg4 {[%emt 0:00:01] .} g2 {[%emt 0:00:02]}
79. Kg3 {[%emt 0:00:01] .} Qe1+ {[%emt 0:00:03] .} 80. Kg4 {[%emt 0:00:02] }
g1=Q+ {[%emt 0:00:03]} 81. Kh5 {[%emt 0:00:01] .} h2 {[%emt 0:00:02]} 82. Kh6
{[%emt 0:00:01] .} Qh4# {[%emt 0:00:04]} 0-1

[Event "DSJ Weihnachtsturnier U20 2020"]
[Site "https://play.chessbase.com/en/play?room=DSJWeihnachtU20"]
[Date "2020.12.29"]
[Round "6"]
[White "El Sewisy, Aiman"]
[Black "Willberg, Marek"]
[Result "0-1"]
[Termination "normal"]
[Board "17.4"]
[WhiteElo "893"]
[BlackElo "1386"]
[WhiteTeam "SGem Aschheim/Feldkirchen/Kirchheim"]
[BlackTeam "VfB Schach Leipzig"]
[PlyCount "74"]
[WhiteFideId "34607803"]
[BlackFideId "16224027"]
[EventRounds "7"]
[EventType "team-swiss"]
[EventDate "2020.12.29"]

1. e4 {[%emt 0:00:01]} b6 {[%emt 0:00:05]} 2. Bc4 {[%emt 0:00:10]} e6 {[%emt
0:00:16]} 3. Nc3 {[%emt 0:00:21]} Bb7 {[%emt 0:00:05]} 4. d3 {[%emt 0:00:10]}
Nf6 {[%emt 0:00:09]} 5. Nf3 {[%emt 0:00:03]} Bb4 {[%emt 0:00:19]} 6. O-O {[%emt
0:00:16]} Bxc3 {[%emt 0:00:46]} 7. bxc3 {[%emt 0:00:04]} d5 {[%emt 0:00:03]} 8.
exd5 {[%emt 0:00:26]} Bxd5 {[%emt 0:00:04]} 9. Bxd5 {[%emt 0:00:05]} Nxd5 {
[%emt 0:00:04]} 10. Bb2 {[%emt 0:00:15]} O-O {[%emt 0:00:21]} 11. c4 {[%emt
0:00:13]} Nf6 {[%emt 0:00:06]} 12. Ng5 {[%emt 0:00:24]} h6 {[%emt 0:00:06]} 13.
Nh3 {[%emt 0:00:17]} Nbd7 {[%emt 0:00:07]} 14. Qf3 {[%emt 0:00:11]} c5 { [%emt
0:00:11]} 15. a4 {[%emt 0:00:25]} Qc7 {[%emt 0:00:22]} 16. Nf4 {[%emt 0:00:56]}
Rfd8 {[%emt 0:00:49]} 17. Nh5 {[%emt 0:00:21]} Nxh5 {[%emt 0:00:24]} 18. Qxh5
{[%emt 0:00:03]} Qf4 {[%emt 0:00:29]} 19. g3 {[%emt 0:00:40]} Qd6 { [%emt
0:00:31]} 20. Qg4 {[%emt 0:00:11]} e5 {[%emt 0:00:27]} 21. f4 {[%emt 0:00:21]}
Re8 {[%emt 0:00:57]} 22. fxe5 {[%emt 0:00:36]} Nxe5 {[%emt 0:00:04]} 23. Qf4
{[%emt 0:00:33]} Rad8 {[%emt 0:00:30]} 24. Bxe5 {[%emt 0:00:22]} Qxe5 { [%emt
0:00:06]} 25. Qxf7+ {[%emt 0:00:05]} Kh8 {[%emt 0:00:07]} 26. Rae1 { [%emt
0:00:43]} Qxe1 {[%emt 0:00:54]} 27. Rxe1 {[%emt 0:00:02]} Rxe1+ {[%emt
0:00:00]} 28. Kf2 {[%emt 0:00:03]} Rde8 {[%emt 0:00:04]} 29. Qf3 {[%emt
0:00:29]} Kg8 {[%emt 0:00:15]} 30. Qd5+ {[%emt 0:00:34]} Kh8 {[%emt 0:00:06]}
31. Qf3 { [%emt 0:00:05]} Rc1 {[%emt 0:00:22]} 32. c3 {[%emt 0:00:37]} Rc2+
{[%emt 0:00:22]} 33. Kf1 {[%emt 0:00:22]} Rxc3 {[%emt 0:00:05]} 34. Qc6 {[%emt
0:00:05]} Rf8+ {[%emt 0:00:09]} 35. Ke2 {[%emt 0:00:04]} Rc2+ {[%emt 0:00:02]}
36. Kd1 { [%emt 0:00:02]} Rxh2 {[%emt 0:00:03]} 37. Qd6 {[%emt 0:00:07]} Rf1#
{[%emt 0:00:03]} 0-1

[Event "DSJ Weihnachtsturnier U20 2020"]
[Site "https://play.chessbase.com/en/play?room=DSJWeihnachtU20"]
[Date "2020.12.29"]
[Round "6"]
[White "Arndt, Magnus"]
[Black "Poggemann, Alexander"]
[Result "0-1"]
[Termination "normal"]
[Board "18.1"]
[WhiteElo "2282"]
[BlackElo "1813"]
[WhiteTeam "SK Doppelbauer Kiel"]
[BlackTeam "Schachverein Hemer 1932 2"]
[PlyCount "156"]
[WhiteFideId "12998656"]
[BlackFideId "16224167"]
[EventRounds "7"]
[EventType "team-swiss"]
[EventDate "2020.12.29"]

1. e4 {[%emt 0:00:10]} e5 {[%emt 0:00:02]} 2. Nf3 {[%emt 0:00:04]} Nc6 { [%emt
0:00:02]} 3. d4 {[%emt 0:00:02]} exd4 {[%emt 0:00:02]} 4. Nxd4 {[%emt 0:00:00]}
Nf6 {[%emt 0:00:01]} 5. Nxc6 {[%emt 0:00:02]} bxc6 {[%emt 0:00:00]} 6. e5
{[%emt 0:00:01]} Qe7 {[%emt 0:00:05]} 7. Qe2 {[%emt 0:00:01]} Nd5 {[%emt
0:00:01]} 8. c4 {[%emt 0:00:01]} Ba6 {[%emt 0:00:01]} 9. b3 {[%emt 0:00:23]} g6
{ [%emt 0:00:06]} 10. Ba3 {[%emt 0:00:01]} Qxa3 {[%emt 0:00:16]} 11. Nxa3 {
[%emt 0:00:00]} Bb4+ {[%emt 0:00:01]} 12. Qd2 {[%emt 0:00:05]} Bxd2+ {[%emt
0:00:08]} 13. Kxd2 {[%emt 0:00:00]} Nb4 {[%emt 0:00:05]} 14. Be2 {[%emt
0:00:19]} O-O {[%emt 0:00:04]} 15. Nb1 {[%emt 0:00:34]} Rfe8 {[%emt 0:00:14]}
16. a3 { [%emt 0:00:06]} Nd5 {[%emt 0:00:25]} 17. cxd5 {[%emt 0:00:04]} Bxe2
{[%emt 0:00:02]} 18. Kxe2 {[%emt 0:00:00]} Rxe5+ {[%emt 0:00:02]} 19. Kd2
{[%emt 0:00:14]} Rxd5+ {[%emt 0:00:02]} 20. Kc2 {[%emt 0:00:01]} Re8 {[%emt
0:00:13]} 21. Nc3 {[%emt 0:00:02]} Rf5 {[%emt 0:00:06]} 22. f3 {[%emt 0:00:02]}
Rg5 {[%emt 0:00:04]} 23. g3 {[%emt 0:00:06]} Re3 {[%emt 0:00:12]} 24. f4 {[%emt
0:00:13]} Rc5 {[%emt 0:00:06]} 25. Kb2 {[%emt 0:01:59]} Rcxc3 {[%emt 0:00:12]}
26. b4 { [%emt 0:00:26]} Rb3+ {[%emt 0:00:18]} 27. Kc2 {[%emt 0:00:03]} Rxa3
{[%emt 0:00:10]} 28. Rxa3 {[%emt 0:00:01]} Rxa3 {[%emt 0:00:01]} 29. Re1 {[%emt
0:00:01] } Kf8 {[%emt 0:00:19]} 30. Kb2 {[%emt 0:00:01]} Rd3 {[%emt 0:00:13]}
31. Ra1 { [%emt 0:00:05]} Ke7 {[%emt 0:00:14]} 32. Rxa7 {[%emt 0:00:02]} Kd6
{[%emt 0:00:01]} 33. Kc2 {[%emt 0:00:34]} Re3 {[%emt 0:00:27]} 34. Ra1 {[%emt
0:01:36]} Re2+ {[%emt 0:00:11]} 35. Kc3 {[%emt 0:00:01]} Rxh2 {[%emt 0:00:04]}
36. Rd1+ { [%emt 0:00:01]} Ke7 {[%emt 0:00:03]} 37. Re1+ {[%emt 0:00:01]} Kd8
{[%emt 0:00:01]} 38. Kd4 {[%emt 0:00:03]} d6 {[%emt 0:00:20]} 39. f5 {[%emt
0:00:10]} g5 { [%emt 0:00:07]} 40. f6 {[%emt 0:00:02]} Rd2+ {[%emt 0:00:15]}
41. Ke3 {[%emt 0:00:29]} Rb2 {[%emt 0:00:06]} 42. Rh1 {[%emt 0:00:22]} Rb3+
{[%emt 0:00:22]} 43. Kf2 {[%emt 0:00:11]} Rxb4 {[%emt 0:00:20]} 44. Rxh7 {[%emt
0:00:01]} Ke8 { [%emt 0:00:09]} 45. Rg7 {[%emt 0:00:05]} Rb5 {[%emt 0:00:09]}
46. g4 {[%emt 0:00:14]} Re5 {[%emt 0:00:04]} 47. Kf3 {[%emt 0:00:03]} c5 {[%emt
0:00:05]} 48. Rg8+ {[%emt 0:00:19]} Kd7 {[%emt 0:00:06]} 49. Rf8 {[%emt
0:00:00]} Ke6 { [%emt 0:00:07]} 50. Rc8 {[%emt 0:00:02]} Kxf6 {[%emt 0:00:06]}
51. Rxc7 { [%emt 0:00:01]} Rd5 {[%emt 0:00:08]} 52. Rc8 {[%emt 0:00:12]} Rd4
{[%emt 0:00:05]} 53. Rc6 {[%emt 0:00:05]} Rf4+ {[%emt 0:00:24]} 54. Ke3 {[%emt
0:00:07]} Ke5 {[%emt 0:00:01]} 55. Rc7 {[%emt 0:00:02]} f6 {[%emt 0:00:07]} 56.
Re7+ { [%emt 0:00:02]} Kd5 {[%emt 0:00:01]} 57. Rf7 {[%emt 0:00:01]} c4 {[%emt
0:00:06]} 58. Rf8 {[%emt 0:00:02]} c3 {[%emt 0:00:19]} 59. Kd3 {[%emt 0:00:01]}
Rf3+ {[%emt 0:00:01]} 60. Ke2 {[%emt 0:00:02]} c2 {[%emt 0:00:19]} 61. Rc8
{[%emt 0:00:02]} Rh3 {[%emt 0:00:03]} 62. Kf1 {[%emt 0:00:06]} c1=Q+ {[%emt
0:00:03]} 63. Rxc1 {[%emt 0:00:02]} Rh1+ {[%emt 0:00:01]} 64. Kg2 {[%emt
0:00:01]} Rxc1 { [%emt 0:00:01]} 65. Kf3 {[%emt 0:00:02]} Kc4 {[%emt 0:00:04]}
66. Ke4 {[%emt 0:00:02]} Rf1 {[%emt 0:00:06]} 67. Ke3 {[%emt 0:00:02]} d5
{[%emt 0:00:00]} 68. Ke2 {[%emt 0:00:01]} Rf4 {[%emt 0:00:01]} 69. Ke3 {[%emt
0:00:00]} d4+ { [%emt 0:00:01]} 70. Ke2 {[%emt 0:00:00]} d3+ {[%emt 0:00:01]}
71. Kd2 {[%emt 0:00:00]} Rf2+ {[%emt 0:00:02]} 72. Ke3 {[%emt 0:00:00]} Re2+
{[%emt 0:00:01]} 73. Kf3 {[%emt 0:00:01]} Kc3 {[%emt 0:00:01]} 74. Kg3 {[%emt
0:00:02]} d2 { [%emt 0:00:01]} 75. Kf3 {[%emt 0:00:00]} Re1 {[%emt 0:00:02]}
76. Kg3 {[%emt 0:00:00]} d1=Q {[%emt 0:00:01]} 77. Kh2 {[%emt 0:00:00]} Re2+
{[%emt 0:00:03]} 78. Kh3 {[%emt 0:00:01]} Qd3# {[%emt 0:00:01]} 0-1

[Event "DSJ Weihnachtsturnier U20 2020"]
[Site "https://play.chessbase.com/en/play?room=DSJWeihnachtU20"]
[Date "2020.12.29"]
[Round "6"]
[White "Rempe, Mieke"]
[Black "Jagodzinsky, Lukas"]
[Result "1-0"]
[Termination "normal"]
[Board "18.3"]
[WhiteElo "1669"]
[BlackElo "1216"]
[WhiteTeam "SK Doppelbauer Kiel"]
[BlackTeam "Schachverein Hemer 1932 2"]
[PlyCount "89"]
[WhiteFideId "16202384"]
[BlackFideId "16233255"]
[EventRounds "7"]
[EventType "team-swiss"]
[EventDate "2020.12.29"]

1. e4 {[%emt 0:00:03]} e6 {[%emt 0:00:02]} 2. d4 {[%emt 0:00:03]} d5 {[%emt
0:00:03]} 3. exd5 {[%emt 0:00:06]} exd5 {[%emt 0:00:03]} 4. Nc3 {[%emt
0:00:03]} Nf6 {[%emt 0:00:20]} 5. Nf3 {[%emt 0:00:04]} Bb4 {[%emt 0:00:20]} 6.
Bd3 { [%emt 0:00:47]} O-O {[%emt 0:00:08]} 7. O-O {[%emt 0:00:03]} Nc6 {[%emt
0:00:04]} 8. Bg5 {[%emt 0:00:08]} h6 {[%emt 0:00:05]} 9. Bxf6 {[%emt 0:00:17]}
Qxf6 {[%emt 0:00:12]} 10. Nxd5 {[%emt 0:00:09]} Qd8 {[%emt 0:00:04]} 11. Ne3 {
[%emt 0:00:18]} Nxd4 {[%emt 0:00:34]} 12. Nxd4 {[%emt 0:00:04]} Qxd4 {[%emt
0:00:28]} 13. Bh7+ {[%emt 0:00:04]} Kxh7 {[%emt 0:00:30]} 14. Qxd4 {[%emt
0:00:04]} Bd6 {[%emt 0:00:03]} 15. Qd3+ {[%emt 0:00:41]} Kg8 {[%emt 0:00:05]}
16. Nf5 {[%emt 0:00:03]} Be5 {[%emt 0:00:43]} 17. Ne7+ {[%emt 0:00:08]} Kh8 {
[%emt 0:00:05]} 18. Nxc8 {[%emt 0:00:35]} Raxc8 {[%emt 0:00:06]} 19. c3 { [%emt
0:00:04]} Rcd8 {[%emt 0:00:07]} 20. Qe4 {[%emt 0:00:03]} Rfe8 {[%emt 0:00:08]}
21. Qxb7 {[%emt 0:00:22]} Rd2 {[%emt 0:00:22]} 22. Rad1 {[%emt 0:00:19] } Re2
{[%emt 0:00:08]} 23. Qb5 {[%emt 0:01:29]} Bd6 {[%emt 0:00:39]} 24. g3 { [%emt
0:00:25]} R8e5 {[%emt 0:00:50]} 25. Qc4 {[%emt 0:00:56]} f5 {[%emt 0:00:26]}
26. Rd3 {[%emt 0:01:10]} Rxb2 {[%emt 0:00:35]} 27. Re3 {[%emt 0:00:18]} Rbb5
{[%emt 0:01:23]} 28. Rxe5 {[%emt 0:00:20]} Rxe5 {[%emt 0:00:01]} 29. Qf7 {
[%emt 0:00:21]} Kh7 {[%emt 0:00:17]} 30. Qb3 {[%emt 0:00:41]} f4 {[%emt
0:00:11]} 31. Qc2+ {[%emt 0:00:08]} g6 {[%emt 0:00:10]} 32. Qd2 {[%emt
0:00:16]} f3 {[%emt 0:00:15]} 33. Re1 {[%emt 0:00:03]} Rb5 {[%emt 0:00:22]} 34.
Qe3 { [%emt 0:00:11]} Rf5 {[%emt 0:00:18]} 35. Qe4 {[%emt 0:00:09]} h5 {[%emt
0:00:08]} 36. Qc4 {[%emt 0:00:05]} a5 {[%emt 0:00:29]} 37. Re3 {[%emt 0:00:03]}
Bc5 {[%emt 0:00:08]} 38. Rd3 {[%emt 0:00:06]} Re5 {[%emt 0:00:07]} 39. Qf7+ {
[%emt 0:00:04]} Kh6 {[%emt 0:00:06]} 40. Qxf3 {[%emt 0:00:03]} Re1+ {[%emt
0:00:03]} 41. Kg2 {[%emt 0:00:02]} Rb1 {[%emt 0:00:04]} 42. Qf4+ {[%emt
0:00:02]} Kg7 {[%emt 0:00:04]} 43. Rd7+ {[%emt 0:00:02]} Kg8 {[%emt 0:00:03]}
44. Qf7+ { [%emt 0:00:04]} Kh8 {[%emt 0:00:02]} 45. Qg7# {[%emt 0:00:02]} 1-0

[Event "DSJ Weihnachtsturnier U20 2020"]
[Site "https://play.chessbase.com/en/play?room=DSJWeihnachtU20"]
[Date "2020.12.29"]
[Round "6"]
[White "Weidenhöfer, Max"]
[Black "Gazizov, Max"]
[Result "1-0"]
[Termination "normal"]
[Board "19.1"]
[WhiteElo "1763"]
[BlackElo "1689"]
[WhiteTeam "TuS Varrel"]
[BlackTeam "Think Rochade - SC HRO"]
[PlyCount "183"]
[WhiteFideId "16230566"]
[BlackFideId "12951323"]
[EventRounds "7"]
[EventType "team-swiss"]
[EventDate "2020.12.29"]

1. e4 {[%emt 0:00:04] Rochade1-001 kibitzing!? Rochade1-001 reconnected.} c5 {
[%emt 0:00:53]} 2. Nf3 {[%emt 0:00:02]} e6 {[%emt 0:00:01]} 3. d4 {[%emt
0:00:02]} cxd4 {[%emt 0:00:00]} 4. Nxd4 {[%emt 0:00:01]} Nc6 {[%emt 0:00:01]}
5. c4 {[%emt 0:00:04]} Nf6 {[%emt 0:00:05]} 6. Nc3 {[%emt 0:00:02]} Bb4 {[%emt
0:00:01]} 7. f3 {[%emt 0:00:22]} O-O {[%emt 0:00:08]} 8. Be3 {[%emt 0:00:09]}
d5 { [%emt 0:00:18]} 9. exd5 {[%emt 0:00:11]} exd5 {[%emt 0:00:07]} 10. Nxc6 {
[%emt 0:00:04]} bxc6 {[%emt 0:00:07]} 11. Be2 {[%emt 0:00:12]} Bf5 {[%emt
0:02:21]} 12. O-O {[%emt 0:00:09]} Bxc3 {[%emt 0:00:20]} 13. bxc3 {[%emt
0:00:00]} Re8 {[%emt 0:00:19]} 14. Bg5 {[%emt 0:00:05]} Rb8 {[%emt 0:00:55]}
15. Bd3 { [%emt 0:00:20]} Bxd3 {[%emt 0:00:35]} 16. Qxd3 {[%emt 0:00:00]} dxc4
{[%emt 0:00:42]} 17. Qxc4 {[%emt 0:00:09]} h6 {[%emt 0:00:08]} 18. Bh4 {[%emt
0:00:20]} Qd2 {[%emt 0:01:26]} 19. Rfd1 {[%emt 0:00:47]} Qe2 {[%emt 0:00:32]}
20. Qxe2 { [%emt 0:00:14]} Rxe2 {[%emt 0:00:00]} 21. Bxf6 {[%emt 0:00:09]} gxf6
{[%emt 0:00:04]} 22. Rab1 {[%emt 0:00:04]} Rxb1 {[%emt 0:00:11]} 23. Rxb1
{[%emt 0:00:00]} Rxa2 {[%emt 0:00:01]} 24. Rd1 {[%emt 0:00:17]} c5 {[%emt
0:00:24]} 25. Rd5 {[%emt 0:00:05] Rochade1-001 reconnected.} Ra5 {[%emt
0:00:17]} 26. h4 { [%emt 0:00:06]} Kf8 {[%emt 0:00:02]} 27. Kf2 {[%emt
0:00:05]} Ra2+ {[%emt 0:00:25]} 28. Kg3 {[%emt 0:00:04]} c4 {[%emt 0:00:03]}
29. Rc5 {[%emt 0:00:08]} Ra4 {[%emt 0:00:05]} 30. Kg4 {[%emt 0:00:04]} a5
{[%emt 0:00:14]} 31. Kf5 {[%emt 0:00:02]} Kg7 {[%emt 0:00:01]} 32. Rc6 {[%emt
0:00:02]} Ra2 {[%emt 0:00:02]} 33. g4 {[%emt 0:00:07]} a4 {[%emt 0:00:02]} 34.
Rxc4 {[%emt 0:00:01]} a3 {[%emt 0:00:03]} 35. Ra4 {[%emt 0:00:01]} Ra1 {[%emt
0:00:03]} 36. f4 {[%emt 0:00:02]} a2 {[%emt 0:00:01]} 37. c4 {[%emt 0:00:01]}
Kg8 {[%emt 0:00:10]} 38. h5 { [%emt 0:00:01]} Kg7 {[%emt 0:00:01]} 39. c5
{[%emt 0:00:01]} Rc1 {[%emt 0:00:02]} 40. Rxa2 {[%emt 0:00:03]} Rxc5+ {[%emt
0:00:00]} 41. Ke4 {[%emt 0:00:01]} Rc1 {[%emt 0:00:01]} 42. Ra5 {[%emt
0:00:03]} Re1+ {[%emt 0:00:02]} 43. Kf5 { [%emt 0:00:01]} Re6 {[%emt 0:00:03]}
44. Rd5 {[%emt 0:00:23]} Re2 {[%emt 0:00:02]} 45. Rd6 {[%emt 0:00:07]} Re1
{[%emt 0:00:01]} 46. Rxf6 {[%emt 0:00:02]} Ra1 {[%emt 0:00:02]} 47. Rd6 {[%emt
0:00:10]} Ra5+ {[%emt 0:00:01]} 48. Ke4 { [%emt 0:00:01]} Ra4+ {[%emt 0:00:01]}
49. Rd4 {[%emt 0:00:02]} Ra1 {[%emt 0:00:03]} 50. Rd5 {[%emt 0:00:03]} Re1+
{[%emt 0:00:01]} 51. Kf5 {[%emt 0:00:01]} Ra1 {[%emt 0:00:01]} 52. Re5 {[%emt
0:00:03]} Rb1 {[%emt 0:00:01]} 53. Ra5 { [%emt 0:00:09]} Rb6 {[%emt 0:00:02]}
54. Rc5 {[%emt 0:00:05]} Rf6+ {[%emt 0:00:03]} 55. Ke4 {[%emt 0:00:01]} Ra6
{[%emt 0:00:03]} 56. g5 {[%emt 0:00:07]} Ra4+ {[%emt 0:00:01]} 57. Kf5 {[%emt
0:00:02]} hxg5 {[%emt 0:00:01]} 58. fxg5 { [%emt 0:00:02]} Ra1 {[%emt 0:00:02]}
59. h6+ {[%emt 0:00:03]} Kf8 {[%emt 0:00:04]} 60. Kf6 {[%emt 0:00:05]} Rf1+
{[%emt 0:00:01]} 61. Rf5 {[%emt 0:00:01]} Rh1 {[%emt 0:00:02]} 62. Rf4 {[%emt
0:00:52]} Re1 {[%emt 0:00:02]} 63. Rh4 { [%emt 0:00:05]} Re6+ {[%emt 0:00:01]}
64. Kf5 {[%emt 0:00:01]} Kg8 {[%emt 0:00:01]} 65. Kg4 {[%emt 0:00:11]} Kh7
{[%emt 0:00:02]} 66. Kh5 {[%emt 0:00:02]} Re1 {[%emt 0:00:02]} 67. Rf4 {[%emt
0:00:05]} Rh1+ {[%emt 0:00:01]} 68. Kg4 { [%emt 0:00:01]} Kg6 {[%emt 0:00:02]}
69. Rf6+ {[%emt 0:00:02]} Kh7 {[%emt 0:00:01]} 70. Rxf7+ {[%emt 0:00:01]} Kg8
{[%emt 0:00:00]} 71. Rg7+ {[%emt 0:00:01]} Kh8 {[%emt 0:00:01]} 72. Kf5 {[%emt
0:00:05]} Ra1 {[%emt 0:00:04]} 73. Re7 { [%emt 0:00:10]} Ra5+ {[%emt 0:00:02]}
74. Kg6 {[%emt 0:00:02]} Ra6+ {[%emt 0:00:01]} 75. Kh5 {[%emt 0:00:01]} Ra8
{[%emt 0:00:04]} 76. g6 {[%emt 0:00:09]} Ra5+ {[%emt 0:00:03]} 77. Kg4 {[%emt
0:00:02]} Ra4+ {[%emt 0:00:01]} 78. Kf5 { [%emt 0:00:01]} Ra5+ {[%emt 0:00:01]}
79. Kf6 {[%emt 0:00:01]} Ra6+ {[%emt 0:00:01]} 80. Re6 {[%emt 0:00:02]} Ra8
{[%emt 0:00:02]} 81. Kf7 {[%emt 0:00:03]} Rf8+ {[%emt 0:00:04]} 82. Ke7 {[%emt
0:00:04]} Rg8 {[%emt 0:00:10]} 83. g7+ { [%emt 0:00:17]} Kh7 {[%emt 0:00:01]}
84. Kf7 {[%emt 0:00:06]} Ra8 {[%emt 0:00:01]} 85. Re8 {[%emt 0:00:05]} Ra7+
{[%emt 0:00:06]} 86. Re7 {[%emt 0:00:01]} Ra8 {[%emt 0:00:01]} 87. Rd7 {[%emt
0:00:21]} Rb8 {[%emt 0:00:01]} 88. Re7 { [%emt 0:00:15]} Ra8 {[%emt 0:00:01]}
89. Re8 {[%emt 0:00:01]} Ra7+ {[%emt 0:00:01]} 90. Kf8 {[%emt 0:00:02]} Rf7+
{[%emt 0:00:04]} 91. Kxf7 {[%emt 0:00:07]} Kxh6 {[%emt 0:00:01]} 92. g8=Q
{[%emt 0:00:02]} 1-0